[Event "Cap d'Agde KO"]
[Site "Cap d'Agde"]
[Date "2003.10.27"]
[Round "1.2"]
[White "Ponomariov, Ruslan"]
[Black "Anand, Viswanathan"]
[Result "0-1"]
[WhiteElo "2718"]
[BlackElo "2766"]
[Annotator "Roiz,M"]
[PlyCount "104"]
[EventDate "2003.10.27"]
[EventType "k.o. (rapid)"]
[EventRounds "4"]
[EventCountry "FRA"]
[SourceTitle "CBM 098"]
[Source "ChessBase"]
[SourceDate "2004.02.03"]
[SourceVersion "1"]
[SourceVersionDate "2004.02.03"]
[SourceQuality "1"]

1. Nf3 Nf6 2. c4 e6 3. d4 b6 4. g3 Ba6 5. Qb3 {That move has became very
popular in last few years.} Nc6 {The most principal continuation.Black is
trying to use some vulnerablity of Qb3.} ({another possibility here is:} 5...
c6 {[%cal Gd7d5]} 6. Bf4 Be7 7. Nc3 O-O 8. e4 d5) 6. Nbd2 ({another
continuation} 6. Bd2 {is not dangerous for black in view of:} Bb7 7. d5 (7. Bc3
Ne4 8. a3 (8. Bg2 $2 Nxc3 9. Nxc3 (9. bxc3 Na5 $17) 9... Nxd4 $17) 8... Nxc3 9.
Qxc3 Be7 $132) 7... Ne7 8. dxe6 dxe6 9. Bg2 Nf5 10. O-O Be7 11. Rd1 O-O 12. Bf4
Qc8 13. Nc3 Ne4 14. Nxe4 Bxe4 $11 {1/2-1/2 Fominyh,A-Aseev,K/Samara 2000/CBM
78 (41)} 15. Nd4 Nxd4 16. Rxd4 Bxg2 17. Kxg2 Bf6 18. Rd2 Qb7+ 19. Kg1 Rad8 $14
{1/2-1/2 Fominyh,A-Aseev,K/Samara RUS 2000/The Week in Chess 294 (41)}) 6... d5
{That is Anand's favourite.This move has a clear drawback:the pawn structure
is in white's favour,and he may reach advantage if he could transfer his
knight to c3.} (6... Na5 7. Qc3 c5 8. dxc5 bxc5 9. e4 Bb7 10. e5 Ne4 11. Nxe4
Bxe4 {is another solid option for black.}) (6... Bb7 7. e4 d5 8. cxd5 exd5 9.
e5 {is less promising for black.}) 7. Bg2 {That is probably the most direct
order of moves.} (7. cxd5 exd5 8. Qa4 Bb7 9. Bg2 Bd6 10. O-O (10. Nc4 dxc4 11.
Ne5 {but after:} Bxe5 12. Bxc6+ Bxc6 13. Qxc6+ Kf8 14. dxe5 Qd5 $1 15. Qxd5
Nxd5 $11 {1/2-1/2 Kramnik,V-Leko,P/Monaco MNC 2002/The Week in Chess 385 (37)})
10... O-O 11. Nb1 Ne4 12. Bf4 Re8 13. Rc1 Bxf4 14. gxf4 Ne7 15. Nc3 Nf5 16. e3
c5 $11 {1/2-1/2 Gelfand,B-Leko,P/Monaco 2002/CBM 87 ext (25)}) (7. Qa4 Bb7 8.
Bg2 Qd7 9. O-O Bd6 10. Qc2 Nb4 11. Qd1 c5 12. cxd5 exd5 13. b3 O-O 14. Bb2 Be7
15. Ne5 Qe6 $11 {0-1 Piket,J-Leko,P/Monaco 2002/CBM 87 ext (47)}) 7... Qd7 {
Black doesn't move to remove his bishop from a6,because it puts pressure on
white's pawns c4 and e2.} ({there are some alternatives,after which white has
good chanses to reach advantage:} 7... Bb7 8. cxd5 (8. O-O {Gershon} Be7 9.
cxd5 exd5 10. Ne5 O-O 11. Nxc6 Bxc6 12. Nf3 Bb7 13. Bf4 Re8 14. Rac1 $14 {
1-0 Vallejo Pons,F-Tkachiev,V/Biel SUI 2002/The Week in Chess 403 (44)}) 8...
exd5 9. Ne5 a6 10. Nxc6 Bxc6 11. Nf3 Bd6 12. Ne5 Bxe5 13. dxe5 Ne4 14. Qc2 Bb7
15. O-O O-O 16. Be3 Qe7 17. f3 Nc5 18. Bxc5 bxc5 19. f4 $14 {1/2-1/2 Vallejo
Pons,F-Anand,V/Germany 2002/EXT 2003 (24)}) (7... Be7 8. Qa4 Bb7 9. cxd5 exd5
10. Nc4 $6 (10. Ne5 $142 {Gershon} Qd6 11. O-O O-O 12. Ndf3 $14 {[%cal Gc1f4]})
10... dxc4 (10... Qd7 11. Ne3 O-O 12. O-O $11) 11. Ne5 Bb4+ $6 (11... Nd5 $1 {
Gershon} 12. Nxc6 (12. e4 Ndb4 13. d5 Nc2+ $19) 12... Qd7 13. Bxd5 Qxd5 14.
Nxe7+ Kxe7 15. Qa3+ Kd7 16. f3 Rae8 17. Be3 $13) 12. Kf1 O-O 13. Nxc6 Qd7 14.
Bg5 $1 $36 {1-0 Pelletier,Y-Naiditsch,A/Zurich 2002/CBM 91/[Gershon] (38) A
very good move, exploiting the fact black cannot move the N, due to an
unprotected Q.} (14. Qxb4 $6 Bxc6 15. Qxc4 Bb5 $40)) 8. O-O $1 $146 {[%mdl 8]
It is very strange,but that natural move is a novelty! More than that,it
improves on white's previous play.} (8. Qa4 Bb7 9. O-O Bd6 10. cxd5 exd5 11.
Nb1 Ne4 12. Be3 Ne5 $1 $11 {1/2-1/2 Gelfand,B-Grischuk,A/Moscow RUS 2002/The
Week in Chess 410 (81)}) 8... Bd6 $6 {That move seems to be not accurate,since
it allows Nf3-e5 is very powerful after that.} (8... Be7 $142 9. Qc3 (9. Ne5
Nxe5 10. dxe5 dxc4 $1 11. Nxc4 Nd5 12. Rd1 (12. e4 Nb4 {[%cal Gd7d3]}) 12...
Qb5 13. e4 Qxb3 14. axb3 Nb4 $15) 9... O-O 10. Ne5 Nxe5 11. dxe5 Ng4) 9. Qc3 $1
{[%cal Gf3e5] Ruslan comes with an excellent new idea!The placement of Nc6 and
Bd6 is not comfortable,and he uses that fact!} O-O $6 {That is another
inaccurasy,after which white gets a serious advantage.} (9... Bb4 $142 10. Qc2
Bxd2 $1 11. cxd5 Nxd5 12. Qxd2 Rd8 13. Rd1 Nf6 $1 {and white has only a slight
advantage here.}) 10. Ne5 $1 Bxe5 $8 11. dxe5 Ng4 (11... d4 $2 12. Qa3 $18 {
[%csl Ra6,Rf6]}) (11... Ne8 12. b3 Rd8 13. Ba3 Ne7 14. Rad1 $16 {[%csl Re8]})
12. b4 $1 {White's play is very enegretically! Now black is forced to take on
c4.} (12. f4 $6 Rad8 13. b3 (13. Qf3 Nh6 {[%cal Gc6d4]}) 13... dxc4 14. Nxc4
Nd4 $132) 12... dxc4 $8 (12... d4 $2 13. Qa3 $1 Bb7 14. b5 Na5 15. Bxb7 Nxb7
16. Qf3 $18 {[%csl Rb7,Rg4]}) 13. Nf3 $1 {[%csl Rg4][%cal Gh2h3] All black's
minor pieces are in troubles now!} f6 {That move is a sad
necessarity-otherwise there is no way for Ng4.} (13... Rad8 14. h3 Nh6 15. a4
$1 {[%cal Gb4b5]} Nd4 (15... Nf5 16. b5 Ncd4 17. Nxd4 Nxd4 18. Qxc4 $18) 16.
Nxd4 Qxd4 17. Qxd4 Rxd4 18. b5 Bc8 19. Be3 $16 {[%csl Rh6][%cal Gf1c1]}) 14. a4
$1 b5 ({after} 14... Bb7 15. exf6 Nxf6 16. Qxc4 $16 {white has a great
positional advantage.}) 15. Bf4 $2 {Till that moment,white has played very
strong,but this move is a serious mistake.} ({after the most natural} 15. exf6
Nxf6 (15... gxf6 16. h3 Nge5 17. Nxe5 fxe5 18. Bb2 $16) 16. Ne5 $1 Nxe5 17.
Bxa8 Rxa8 18. axb5 Bxb5 (18... Qxb5 19. Ra5) 19. Qxe5 $16 {black has no
visible compensation for an exchange-his king is very weak.}) 15... Rad8 $1 16.
Bh3 $6 {That is another mistake,that allows black to consolidate the position
and keep an extra material.} ({white could reach some compensation for a pawn
after:} 16. exf6 Nxf6 17. Ne5 Nxe5 18. axb5 Bxb5 19. Qxe5 c6 20. Bh3 $44) 16...
fxe5 17. Nxe5 (17. axb5 Bxb5 18. Nxe5 Ngxe5 19. Bxe5 a6 $15) 17... Ngxe5 18.
Bxe5 bxa4 19. Rad1 $2 {It's just unbelievable! White allows black to save a
strong passed pawn on a4!} ({after} 19. Rxa4 Bb5 20. Raa1 a6 $15 {black is
better,but white has a good chanses for a draw due to some weaknesses of
black's pawns chain.}) 19... Qf7 20. Bf4 Bb5 $19 21. Qe3 e5 $1 {Vishi shows an
excellent technic! The most effective way for a win is to give up one
pawn-that would let black to change a lot of material.} ({less clear was} 21...
Rfe8 $6 22. Rxd8 Nxd8 23. Qc5 $17 {and white has some hopes due to activity of
his pieces.}) 22. Rxd8 (22. Bg5 Rd4 {is completely hopeless.}) 22... Rxd8 23.
Bxe5 Re8 24. f4 a6 $1 {Black is not in a hurry.It is very important that all
his pawns are under control now.} 25. Bg2 Nxe5 26. fxe5 Qe6 27. Qc5 (27. Qf2 c3
28. Qc5 Qb6 29. Bd5+ Kh8 30. Qxb6 cxb6 31. Rc1 Rc8 $19) 27... c6 {[%csl Rd5]
[%cal Yc6d5]} (27... Qb6 $6 28. Bd5+ Kh8 29. e6 $17) 28. Rf3 Qe7 $1 {Now the
trade of queens is unavoidable.} 29. Qxe7 (29. Qd6 Qxd6 30. exd6 Rd8 $19) (29.
Qd4 Qxb4 $19) (29. Re3 Qxc5 30. bxc5 Kf7 $19) 29... Rxe7 30. Re3 Kf8 {The king
will stop white's pawn.Now the only black has to do is to activate his rook.}
31. Kf2 Ra7 $1 32. Ra3 Ke7 33. Ke3 Rd7 34. Be4 h6 {[%cal Gd7d1]} ({there was
no reason to hurry:} 34... Ke6 $6 35. Bxh7 Kxe5 36. Bc2 {with some chanses for
a draw.}) 35. Bc2 Rd5 {Now white is not able to save his passed pawn.} 36. Bxa4
(36. Kf4 c5 37. bxc5 Rxc5 $19 {[%cal Gc4c3]}) (36. Ke4 Rd2 37. Bxa4 Rxe2+ 38.
Kf5 Rxh2 39. Bxb5 Rh5+ $1 40. Kf4 axb5 $19) 36... Rxe5+ 37. Kf2 Kd6 38. Bc2 c5
{Creating a second passed pawn.The rest is a usual agony for rapid.} 39. bxc5+
Kxc5 40. e4 Kb4 41. Ra2 c3 42. Ke3 Re7 {[%cal Ge7d7,Gd7d2] White's passed pawn
e4 is too far away.} 43. Ra1 Rd7 44. Rb1+ Kc5 $1 (44... Kc4 $143 45. Bb3+ Kc5
46. Bd5) 45. Rb3 Kc4 46. Rb1 Rd2 47. Bb3+ (47. Rc1 a5 48. e5 a4 49. Bg6 a3 50.
e6 Kb3 51. e7 a2 $19) 47... Kc5 48. Rc1 Rd3+ {''Cutting'' white's king.} (48...
Kb4 49. Bc2 Ka3 $19) 49. Kf4 Kb4 50. Bc2 Rd2 51. h4 Rxc2 $1 {A simple,but
elegant final sucrifice.White is not able to stop the pawn.} 52. Rxc2 Kb3 0-1

[Event "Ponomariov sim"]
[Site "Ukraine"]
[Date "2004.??.??"]
[Round "1.3"]
[White "Ponomariov, Ruslan"]
[Black "Kruglyakov, Pavlo"]
[Result "1-0"]
[WhiteElo "2722"]
[BlackElo "2147"]
[PlyCount "69"]
[EventDate "2004.??.??"]
[EventType "simul"]
[EventRounds "1"]
[EventCountry "UKR"]
[SourceTitle "EXT 2007"]
[Source "ChessBase"]
[SourceDate "2006.11.23"]
[SourceVersion "1"]
[SourceVersionDate "2006.11.23"]
[SourceQuality "1"]

1. e4 c5 2. Nf3 e6 3. d4 cxd4 4. Nxd4 a6 5. Bd3 Nf6 6. O-O d6 7. c4 g6 8. Nc3
Bg7 9. Nf3 O-O 10. h3 Qc7 11. Bf4 Nbd7 12. Qd2 Ne5 13. Nxe5 dxe5 14. Be3 Nh5
15. Rfd1 Bd7 16. Be2 Rfd8 17. Bxh5 gxh5 18. Qe2 Be8 19. Rxd8 Rxd8 20. Rc1 f6
21. c5 f5 22. f3 Bc6 23. b4 f4 24. Bf2 Rd4 25. Bxd4 exd4 26. Nd1 Bb5 27. Qd2
Qe5 28. Nf2 d3 29. a4 Bxa4 30. Qxd3 Qd4 31. Qa3 Qd2 32. Rf1 Qd7 33. Kh1 Bd4 34.
Nd3 Qb5 35. Re1 1-0

[Event "Ponomariov sim"]
[Site "Ukraine"]
[Date "2004.??.??"]
[Round "1.5"]
[White "Ponomariov, Ruslan"]
[Black "Dziadyk, Pavel"]
[Result "0-1"]
[WhiteElo "2722"]
[BlackElo "2275"]
[PlyCount "66"]
[EventDate "2004.??.??"]
[EventType "simul"]
[EventRounds "1"]
[EventCountry "UKR"]
[SourceTitle "EXT 2007"]
[Source "ChessBase"]
[SourceDate "2006.11.23"]
[SourceVersion "1"]
[SourceVersionDate "2006.11.23"]
[SourceQuality "1"]

1. e4 c5 2. Nf3 e6 3. d4 cxd4 4. Nxd4 a6 5. Bd3 Bc5 6. Nb3 Ba7 7. O-O Nc6 8.
Qg4 Nf6 9. Qxg7 Rg8 10. Qh6 Ne5 11. Qh3 d6 12. Be3 Bxe3 13. Qxe3 Nfg4 14. Qf4
Rg6 15. h3 Nf6 16. N1d2 Nh5 17. Qe3 Qh4 18. f4 Rg3 19. Qf2 Qxh3 20. fxe5 Nf4
21. Qxg3 Qxg3 22. Rxf4 Qxf4 23. Nc4 dxe5 24. Rf1 Qg5 25. Nd6+ Ke7 26. Nxf7 Qe3+
27. Kh2 Bd7 28. Nxe5 Rf8 29. Rxf8 Qh6+ 30. Kg1 Qxf8 31. Nd2 Qf4 32. Nef3 Qe3+
33. Kf1 Bb5 0-1

[Event "Canarias en Red final"]
[Site "Playchess.com INT"]
[Date "2004.05.09"]
[Round "2"]
[White "Belov, Vladimir"]
[Black "Ponomariov, Ruslan"]
[Result "1-0"]
[WhiteElo "2560"]
[BlackElo "2722"]
[PlyCount "55"]
[EventDate "2004.05.09"]
[EventType "swiss (blitz)"]
[EventRounds "13"]
[EventCountry "GER"]
[SourceTitle "EXT 2005"]
[Source "ChessBase"]
[SourceDate "2004.11.15"]
[SourceVersion "1"]
[SourceVersionDate "2004.11.15"]
[SourceQuality "1"]

1. d4 Nf6 2. c4 e6 3. Nc3 Bb4 4. Qc2 O-O 5. a3 Bxc3+ 6. Qxc3 b6 7. Nf3 Bb7 8.
e3 d6 9. Be2 Nbd7 10. O-O a5 11. b3 Ne4 12. Qc2 f5 13. Nd2 Qh4 14. f3 Nxd2 15.
Bxd2 Rf6 16. Be1 Qg5 17. Qd2 Raf8 18. Rf2 Rh6 19. b4 Qh5 20. h3 Ra8 21. Qc1 Qg5
22. Kh2 axb4 23. axb4 Rxa1 24. Qxa1 Qxe3 25. Qa7 Qf4+ 26. Kg1 Qc1 27. Kf1 Bc6
28. b5 1-0

[Event "Canarias en Red final"]
[Site "Playchess.com INT"]
[Date "2004.05.09"]
[Round "3"]
[White "Ponomariov, Ruslan"]
[Black "Essing, Arnold"]
[Result "1-0"]
[WhiteElo "2722"]
[BlackElo "2253"]
[PlyCount "65"]
[EventDate "2004.05.09"]
[EventType "swiss (blitz)"]
[EventRounds "13"]
[EventCountry "GER"]
[SourceTitle "EXT 2005"]
[Source "ChessBase"]
[SourceDate "2004.11.15"]
[SourceVersion "1"]
[SourceVersionDate "2004.11.15"]
[SourceQuality "1"]

1. e4 Nf6 2. e5 Nd5 3. d4 d6 4. Nf3 g6 5. Bc4 Nb6 6. Bb3 Bg7 7. a4 a5 8. Ng5 d5
9. c3 O-O 10. f4 f6 11. Nf3 Na6 12. Be3 Be6 13. Nbd2 Rc8 14. h4 Bg4 15. O-O
fxe5 16. fxe5 e6 17. Qe1 c5 18. Qg3 Bh5 19. Ng5 Qe7 20. Qh3 Be2 21. Rxf8+ Rxf8
22. Qxe6+ Qxe6 23. Nxe6 Re8 24. Nxg7 Kxg7 25. dxc5 Nc4 26. Nxc4 dxc4 27. Re1
Bd3 28. Bd1 Kf7 29. Bd4 Nc7 30. Bf3 Ne6 31. Bxb7 Rb8 32. c6 Ke7 33. Bb6 1-0

[Event "Canarias en Red final"]
[Site "Playchess.com INT"]
[Date "2004.05.09"]
[Round "4"]
[White "Karjakin, Sergey"]
[Black "Ponomariov, Ruslan"]
[Result "1-0"]
[WhiteElo "2566"]
[BlackElo "2722"]
[PlyCount "185"]
[EventDate "2004.05.09"]
[EventType "swiss (blitz)"]
[EventRounds "13"]
[EventCountry "GER"]
[SourceTitle "EXT 2005"]
[Source "ChessBase"]
[SourceDate "2004.11.15"]
[SourceVersion "1"]
[SourceVersionDate "2004.11.15"]
[SourceQuality "1"]

1. e4 c5 2. Nf3 Nc6 3. d4 cxd4 4. Nxd4 e6 5. Nc3 Qc7 6. Be3 a6 7. Qd2 Nf6 8.
O-O-O Bb4 9. f3 Na5 10. a3 Bxc3 11. Qxc3 Qxc3 12. bxc3 d5 13. Bf4 Bd7 14. Bc7
Nc6 15. e5 Ng8 16. Kd2 Nge7 17. Bd3 Rc8 18. Bd6 f6 19. Rhe1 fxe5 20. Bxe5 Kf7
21. Rb1 b5 22. f4 Nxe5 23. Rxe5 Nc6 24. Re3 Nxd4 25. cxd4 g6 26. h4 Rc7 27. Rh1
h5 28. Re5 Kf6 29. Rg1 Be8 30. Re3 Bf7 31. c3 Rhc8 32. Be2 Be8 33. Rb1 Kf5 34.
g3 Kf6 35. Rb3 Rc6 36. Bd3 Ke7 37. Re1 Kd6 38. Ra1 R6c7 39. Rc1 Kc6 40. Re1 Bf7
41. Kc2 Kd6 42. Kd2 Be8 43. Rc1 Ke7 44. Rc2 Kf6 45. Rc1 Rc4 46. Bxc4 Rxc4 47.
Re1 Bd7 48. Re5 a5 49. Rb1 Ra4 50. Rb3 Be8 51. Kc2 Rc4 52. Kb2 Rc8 53. Kc2 Rc4
54. Rb1 Ra4 55. Kb3 Rc4 56. Rg1 Rc8 57. g4 hxg4 58. Rxg4 Rc7 59. Kb2 Rh7 60.
Kc2 Rc7 61. Kd2 Bf7 62. Rg1 Rc4 63. Rb1 Be8 64. h5 Rc7 65. hxg6 Bxg6 66. Rxb5
Rh7 67. Rxa5 Rh2+ 68. Ke1 Rc2 69. Rc5 Rc1+ 70. Kd2 Rc2+ 71. Kd1 Ra2 72. Ra5 Be4
73. a4 Bf5 74. Ra6 Bc2+ 75. Kc1 Bd3 76. Raxe6+ Kf7 77. Rd6 Rc2+ 78. Kd1 Rxc3
79. Rdxd5 Ra3 80. a5 Bc4 81. Rc5 Bb3+ 82. Kd2 Ra1 83. Kc3 Bd1 84. Kb2 Ra4 85.
d5 Rxf4 86. d6 Rd4 87. Red5 Rb4+ 88. Kc3 Rb3+ 89. Kc4 Rb8 90. Rxd1 Ke6 91. d7
Ke7 92. d8=Q+ Rxd8 93. Rxd8 1-0

[Event "Canarias en Red final"]
[Site "Playchess.com INT"]
[Date "2004.05.09"]
[Round "5"]
[White "Ponomariov, Ruslan"]
[Black "Fernandez Manrique, Agustin"]
[Result "1-0"]
[WhiteElo "2722"]
[BlackElo "2119"]
[PlyCount "93"]
[EventDate "2004.05.09"]
[EventType "swiss (blitz)"]
[EventRounds "13"]
[EventCountry "GER"]
[SourceTitle "EXT 2005"]
[Source "ChessBase"]
[SourceDate "2004.11.15"]
[SourceVersion "1"]
[SourceVersionDate "2004.11.15"]
[SourceQuality "1"]

1. e4 e6 2. d4 d5 3. Nc3 Bb4 4. e5 c5 5. a3 Bxc3+ 6. bxc3 Ne7 7. Qg4 O-O 8. Bd3
c4 9. Bh6 Ng6 10. Bxg6 fxg6 11. Bd2 Qe8 12. h4 Qf7 13. Be3 Qf5 14. Qe2 Bd7 15.
g4 Qf7 16. f4 Nc6 17. Nf3 h6 18. Kd2 Ne7 19. a4 Rfb8 20. a5 b5 21. axb6 axb6
22. Qd1 b5 23. Qb1 b4 24. cxb4 Rxa1 25. Qxa1 Rxb4 26. Qa3 Nc6 27. Ra1 Qf8 28.
Ke2 Qb8 29. Bd2 Rb2 30. Qc3 Rb1 31. Ke3 Rxa1 32. Qxa1 Qb6 33. Bc3 Kh7 34. Nd2
Ne7 35. Qa3 Qd8 36. Nf3 Kh8 37. Bb4 Nc6 38. Bc5 Qb8 39. Nd2 Kh7 40. c3 Qb5 41.
Qa1 Na5 42. Bb4 Nb3 43. Qb1 Kh8 44. Qxg6 Nxd2 45. Kxd2 Qa4 46. Bf8 Qa2+ 47. Ke3
1-0

[Event "Canarias en Red final"]
[Site "Playchess.com INT"]
[Date "2004.05.09"]
[Round "8"]
[White "Ponomariov, Ruslan"]
[Black "Sokolov, Andrei"]
[Result "1/2-1/2"]
[WhiteElo "2722"]
[BlackElo "2585"]
[PlyCount "117"]
[EventDate "2004.05.09"]
[EventType "swiss (blitz)"]
[EventRounds "13"]
[EventCountry "GER"]
[SourceTitle "EXT 2005"]
[Source "ChessBase"]
[SourceDate "2004.11.15"]
[SourceVersion "1"]
[SourceVersionDate "2004.11.15"]
[SourceQuality "1"]

1. e4 e5 2. Nf3 Nc6 3. Bb5 a6 4. Ba4 Nf6 5. d3 b5 6. Bb3 Be7 7. a4 Bb7 8. O-O
O-O 9. Re1 d6 10. c3 Nd7 11. Be3 Nc5 12. Bxc5 dxc5 13. Bd5 Bd6 14. Na3 b4 15.
Nc4 Qe7 16. a5 Rab8 17. Nfd2 Nd8 18. Bxb7 Rxb7 19. Nf1 c6 20. Nfe3 g6 21. g3
Ne6 22. Kg2 Rd8 23. h4 Bb8 24. Qe2 Rbd7 25. Rad1 Bc7 26. Rh1 h5 27. Rd2 Qf6 28.
Rhd1 Qe7 29. Nf1 Qf6 30. Nh2 Qe7 31. Qe3 Kg7 32. Nf3 Qf6 33. Ng5 Nxg5 34. Qxg5
Qxg5 35. hxg5 Rb8 36. Kf3 Rb5 37. Ra1 f6 38. gxf6+ Kxf6 39. Ke3 g5 40. Rh1 Kg6
41. Rdd1 bxc3 42. bxc3 Rb3 43. Kd2 Rf7 44. Rh2 Rb8 45. Rdh1 Rh7 46. Kc2 Rb5 47.
f3 Rb8 48. Ne3 Rb5 49. Nc4 Rb8 50. Rf2 Rb5 51. Rff1 Rh8 52. Rhg1 Rf8 53. Rg2
Rf7 54. Kd2 Rb8 55. Ke3 Rb5 56. Rh1 Rb3 57. Rgh2 Rh7 58. Kd2 Rb5 59. Kc2
1/2-1/2

[Event "Canarias en Red final"]
[Site "Playchess.com INT"]
[Date "2004.05.09"]
[Round "9"]
[White "Berg, Emanuel"]
[Black "Ponomariov, Ruslan"]
[Result "1-0"]
[WhiteElo "2495"]
[BlackElo "2722"]
[PlyCount "119"]
[EventDate "2004.05.09"]
[EventType "swiss (blitz)"]
[EventRounds "13"]
[EventCountry "GER"]
[SourceTitle "EXT 2005"]
[Source "ChessBase"]
[SourceDate "2004.11.15"]
[SourceVersion "1"]
[SourceVersionDate "2004.11.15"]
[SourceQuality "1"]

1. e4 c5 2. Nf3 d6 3. d4 cxd4 4. Nxd4 Nf6 5. Nc3 a6 6. Be3 e5 7. Nb3 Be6 8. f3
Nbd7 9. Qd2 b5 10. a4 b4 11. Nd5 Bxd5 12. exd5 Nb6 13. Bxb6 Qxb6 14. a5 Qb7 15.
Bc4 Be7 16. Ra4 Rb8 17. Nc1 Bd8 18. b3 O-O 19. O-O Bxa5 20. Kh1 Bb6 21. Rxa6
Qe7 22. Nd3 Nh5 23. Qe1 f5 24. Nxb4 Qf6 25. Nc6 Rb7 26. g3 g5 27. Qb4 Qh6 28.
Kg2 Nf4+ 29. gxf4 g4 30. Rxb6 Qh3+ 31. Kh1 g3 32. Qd2 Rxb6 33. Rg1 Kh8 34. Rxg3
Qh6 35. Ne7 Rb7 36. Nc6 Rbf7 37. Qg2 Qxf4 38. h3 Qc1+ 39. Kh2 Qf4 40. Kh1 e4
41. b4 e3 42. Bd3 Qh6 43. b5 Ra8 44. Nd4 f4 45. Rg4 Qf6 46. c3 Rff8 47. Kh2 Ra3
48. Rg5 Rxc3 49. Rf5 Qe7 50. Rxf8+ Qxf8 51. Be4 Qf6 52. Qg4 Qxd4 53. Qxf4 Qd2+
54. Kg3 Qf2+ 55. Kg4 Qg2+ 56. Kh5 Rc8 57. Qf6+ Qg7 58. Qe6 Rg8 59. h4 e2 60.
Bf5 1-0

[Event "Canarias en Red final"]
[Site "Playchess.com INT"]
[Date "2004.05.09"]
[Round "10"]
[White "Panarin, Mikhail"]
[Black "Ponomariov, Ruslan"]
[Result "0-1"]
[WhiteElo "2430"]
[BlackElo "2722"]
[PlyCount "98"]
[EventDate "2004.05.09"]
[EventType "swiss (blitz)"]
[EventRounds "13"]
[EventCountry "GER"]
[SourceTitle "EXT 2005"]
[Source "ChessBase"]
[SourceDate "2004.11.15"]
[SourceVersion "1"]
[SourceVersionDate "2004.11.15"]
[SourceQuality "1"]

1. e4 e5 2. Nf3 Nc6 3. Bb5 Nf6 4. O-O Nxe4 5. Re1 Nd6 6. Bxc6 dxc6 7. Nxe5 Be7
8. Qe2 Be6 9. d3 Nf5 10. c3 O-O 11. Bf4 Bd6 12. Nd2 Qh4 13. Qf3 Rfe8 14. Ne4 f6
15. Nxd6 cxd6 16. Nc4 Bd5 17. Rxe8+ Rxe8 18. Bg3 Bxf3 19. Bxh4 Nxh4 20. gxf3
Nxf3+ 21. Kg2 Nh4+ 22. Kh3 Nf5 23. Kg4 g6 24. Na5 Re7 25. Kf3 Kf7 26. a4 c5 27.
Nb3 h5 28. a5 a6 29. Nd2 g5 30. h3 Nh4+ 31. Kg3 Re2 32. Nc4 Ke6 33. Ra3 d5 34.
Ne3 Rxb2 35. c4 d4 36. Nd5 Rb1 37. f4 Rg1+ 38. Kf2 Rg2+ 39. Kf1 Rb2 40. fxg5
fxg5 41. Ra1 Nf3 42. Nb6 g4 43. hxg4 hxg4 44. Na4 Rh2 45. Nxc5+ Kf5 46. Ra4 g3
47. Ne4 Kf4 48. Nxg3 Kxg3 49. Ra2 Rxa2 0-1

[Event "Canarias en Red final"]
[Site "Playchess.com INT"]
[Date "2004.05.09"]
[Round "11"]
[White "Ponomariov, Ruslan"]
[Black "Dovramadjiev, Tihomir"]
[Result "1-0"]
[WhiteElo "2722"]
[BlackElo "2331"]
[PlyCount "83"]
[EventDate "2004.05.09"]
[EventType "swiss (blitz)"]
[EventRounds "13"]
[EventCountry "GER"]
[SourceTitle "EXT 2005"]
[Source "ChessBase"]
[SourceDate "2004.11.15"]
[SourceVersion "1"]
[SourceVersionDate "2004.11.15"]
[SourceQuality "1"]

1. e4 c5 2. Nf3 Nc6 3. Bb5 g6 4. O-O Bg7 5. Re1 Nf6 6. c3 O-O 7. h3 d6 8. d4
cxd4 9. cxd4 a6 10. Bf1 b5 11. Bg5 Bb7 12. Nc3 Rc8 13. Qd2 Na5 14. d5 Nc4 15.
Bxc4 Rxc4 16. a3 Nd7 17. Bh6 Qb6 18. Bxg7 Kxg7 19. Rad1 Rfc8 20. e5 dxe5 21.
Nxe5 Nxe5 22. Rxe5 R4c7 23. Rde1 Qf6 24. Qe3 Rd8 25. f4 Rcd7 26. Ne4 Qh4 27.
Nc5 Rc7 28. Kh2 Bxd5 29. Rd1 e6 30. Rexd5 Rdc8 31. Rg5 Kg8 32. b4 Qh6 33. Rd6
Qg7 34. Re5 a5 35. Re4 axb4 36. axb4 Qb2 37. Red4 Rf8 38. Qe5 f6 39. Qxe6+ Kg7
40. Rd7+ Rxd7 41. Rxd7+ Kh6 42. Qe7 1-0

[Event "Canarias en Red final"]
[Site "Playchess.com INT"]
[Date "2004.05.09"]
[Round "12"]
[White "Krivoshey, Sergei"]
[Black "Ponomariov, Ruslan"]
[Result "1/2-1/2"]
[WhiteElo "2501"]
[BlackElo "2722"]
[PlyCount "95"]
[EventDate "2004.05.09"]
[EventType "swiss (blitz)"]
[EventRounds "13"]
[EventCountry "GER"]
[SourceTitle "EXT 2005"]
[Source "ChessBase"]
[SourceDate "2004.11.15"]
[SourceVersion "1"]
[SourceVersionDate "2004.11.15"]
[SourceQuality "1"]

1. Nf3 Nf6 2. c4 b6 3. g3 Bb7 4. Bg2 c5 5. O-O g6 6. Nc3 Bg7 7. d4 cxd4 8. Qxd4
d6 9. Rd1 Nbd7 10. Be3 a6 11. Rac1 Rc8 12. b3 O-O 13. Qh4 Re8 14. Bh3 Rc7 15.
Ne1 Qb8 16. Nd3 Nc5 17. Nb4 h5 18. Nbd5 Nxd5 19. Nxd5 Bxd5 20. cxd5 a5 21. Bd4
Qb7 22. Bxg7 Kxg7 23. Qd4+ f6 24. f4 b5 25. e4 b4 26. e5 Qb6 27. Kh1 Rf8 28.
Re1 Qa7 29. Rc4 a4 30. Rxb4 axb3 31. axb3 Qa2 32. Qe3 fxe5 33. f5 e4 34. Re2
Qa1+ 35. Kg2 Qe5 36. fxg6 Rf3 37. Qd4 Qxd4 38. Rxd4 Rxb3 39. Bf5 Rd3 40. Rxd3
exd3 41. Rd2 Ra7 42. Bxd3 Nxd3 43. Rxd3 Kxg6 44. Re3 Kf7 45. Rf3+ Ke8 46. Rf5
h4 47. gxh4 Ra2+ 48. Kg3 1/2-1/2